Countries Most Similar to China - Statistics

General Stats
  • This quiz has been taken 10 times
  • The average score is 9 of 10
Answer Stats
Answer % Correct
Japan
100%
North Korea
100%
South Korea
100%
Taiwan
100%
Laos
88%
Mongolia
88%
Thailand
88%
Singapore
75%
Vietnam
75%
Kazakhstan
38%
No matching quizzes found
Score Distribution
Percent of People with Each Score
Percentile by Number Answered
Your Score History
You have not taken this quiz